Normal view
MARC view
Entry Personal Name
001 - CONTROL NUMBER
- control field: 1236291
003 - CONTROL NUMBER IDENTIFIER
- control field: OSt
005 - DATE AND TIME OF LATEST TRANSACTION
- control field: 20260430150039.0
008 - FIXED-LENGTH DATA ELEMENTS
- fixed length control field: 260430|| aca||aabn | a|a d
040 ## - CATALOGING SOURCE
- Original cataloging agency: OSt
- Transcribing agency: OSt
100 ## - HEADING--PERSONAL NAME
- Personal name: University of Delhi. Arts Faculty. Department of Modern Indian Languages and Literary Studies
670 ## - SOURCE DATA FOUND
- Source citation: Work cat.: (OSt)1848814: Patanjali Preeti Au.; D. Uma Devi Gu. 1236290, Mapping the re-presentation of women characters from the Mahabharata in select Indian novels, 2022
